Διδασκαλία ολόκληρου λογοτεχνικού κειμένου μέσω κινηματογράφου με χρήση νέων τεχνολογιών : μεταπτυχιακή εργασία

Αποθηκεύτηκε σε:
Λεπτομέρειες βιβλιογραφικής εγγραφής
Κύριος συγγραφέας: Μοσχόπουλος, Διονύσης
Συγγραφή απο Οργανισμό/Αρχή: Πανεπιστήμιο Αιγαίου Σχολή Ανθρωπιστικών Επιστημών Παιδαγωγικό Τμήμα Δημοτικής Εκπαίδευσης Πρόγραμμα Μεταπτυχιακών Σπουδών Επιστήμες της Αγωγής - Εκπαίδευση με τη Χρήση Νέων Τεχνολογιών
Άλλοι συγγραφείς: Παπαντωνάκης, Γεώργιος Δ., 1950- (Εισηγητής διατριβής)
Μορφή: Thesis Βιβλίο
Γλώσσα:Greek
Δημοσίευση: 2008
Θέματα:
Διαθέσιμο Online:http://hdl.handle.net/11610/16308
Ετικέτες: Προσθήκη ετικέτας
Δεν υπάρχουν, Καταχωρήστε ετικέτα πρώτοι!

MARC

LEADER 00000cam a2200000 i 4500
001 1/8433
008 100614s2008 gre d
035 |l 10108250 
040 |a GR-MY-UA  |b gre  |e aacr 
041 0 |a gre 
082 0 |a 370.117  |2 (22) 
100 1 |a Μοσχόπουλος, Διονύσης. 
245 1 0 |a Διδασκαλία ολόκληρου λογοτεχνικού κειμένου μέσω κινηματογράφου με χρήση νέων τεχνολογιών :  |b μεταπτυχιακή εργασία /  |c Μοσχόπουλος Διονύσης ; επιβλέπων: Παπαντωνάκης Γεώργιος 
260 |c 2008 
300 |a 127 σ.;  |c 30 εκ. 
500 |a Μέλη εξεταστικής επιτροπής: Σκούρτου Ελένη, Καζούλλη Βασίλεια 
502 |a Διατριβή (μεταπτυχιακή) – Πανεπιστήμιο Αιγαίου, Ρόδος, 2008. 
504 |a Βιβλιογραφία: σ. 123-127 
650 0 0 |a Computers and children. 
650 0 0 |a Children's literature  |x Study and teaching. 
650 0 0 |a Dissertations, Academic  |z Greece. 
700 1 |a Παπαντωνάκης, Γεώργιος Δ.,   |d 1950-  |4 ths 
710 2 |a Πανεπιστήμιο Αιγαίου  |b Σχολή Ανθρωπιστικών Επιστημών  |b Παιδαγωγικό Τμήμα Δημοτικής Εκπαίδευσης  |b Πρόγραμμα Μεταπτυχιακών Σπουδών Επιστήμες της Αγωγής - Εκπαίδευση με τη Χρήση Νέων Τεχνολογιών. 
852 |a INST  |b RHODES  |c DIATR  |e 20110406  |h 370.117 ΜΟΣ  |p 005400032742  |q 005400032742  |t MTXE  |y 23 
852 |a INST  |b RHODES  |c DIATR  |e 20110406  |h 370.117 ΜΟΣ  |p 005400032743  |q 005400032743  |t MTXE  |y 23 
856 |u http://hdl.handle.net/11610/16308 
901 |a BIBL4-2009-2 
909 |a Ρ  |b 159997 
909 |a Ρ  |b 159998 
924 |a ΜΟΣΧΟΠΟΥΛΟΣ  |b ΔΙΟΝΥΣΗΣ  |y ΡΟΔΟΣ  |z 2009-02 
970 |a ΚΟΖΑ  |b ΜΑΡΙΑ  |z 2010/06/14